La dominación externa como obstáculo a la integración en el Caribe: el caso de las Antillas Francesas

Uloženo v:
Podrobná bibliografie
Hlavní autor: Acheen, René
Médium: Text
Vydáno: s.l.: s.e.
Tagy: Přidat tag
Žádné tagy, Buďte první, kdo vytvoří štítek k tomuto záznamu!

MARC

LEADER 00000 a a2200000 04500
001 21393
003
040
090 |a 094100  
100 |a Acheen, René  
245 |a La dominación externa como obstáculo a la integración en el Caribe: el caso de las Antillas Francesas  
260 |a s.l.:   |b s.e.  
300 |a 35 p.  
999 |c 7561  |d 7561